00438nam a22001337a 4500003000500000038001800005082000800023100001500031245010000046264003500146650003100181700003500212856005700247NUST aNusrat Nadeem a200 aAli, Rabia aRecurrent Neural Networks for Radio Channel Modeling in mmWave Vehicular Networks/cRabia Ali,  aIslamabad:SSEECS NUST,c2026. aMS-Electrical Engineering  aSupervisor: Dr. Sajjad Hussain uhttp://10.250.8.41:8080/xmlui/handle/123456789/57880